<?xml version="1.0" encoding="UTF-8"?>
<record
    xmlns:xsi="http://www.w3.org/2001/XMLSchema-instance"
    xsi:schemaLocation="http://www.loc.gov/MARC21/slim http://www.loc.gov/standards/marcxml/schema/MARC21slim.xsd"
    xmlns="http://www.loc.gov/MARC21/slim">

  <leader>01010nam a22002537a 4500</leader>
  <controlfield tag="005">20100405111329.0</controlfield>
  <controlfield tag="008">100405t        xxu||||| |||| 00| 0 eng d</controlfield>
  <datafield tag="010" ind1=" " ind2=" ">
    <subfield code="a">B-379447</subfield>
  </datafield>
  <datafield tag="020" ind1=" " ind2=" ">
    <subfield code="c">550.00</subfield>
  </datafield>
  <datafield tag="035" ind1=" " ind2=" ">
    <subfield code="a">B-379447</subfield>
  </datafield>
  <datafield tag="037" ind1=" " ind2=" ">
    <subfield code="b">UBH</subfield>
  </datafield>
  <datafield tag="040" ind1=" " ind2=" ">
    <subfield code="a">dpl</subfield>
    <subfield code="b">English </subfield>
  </datafield>
  <datafield tag="082" ind1=" " ind2=" ">
    <subfield code="a">954.16</subfield>
  </datafield>
  <datafield tag="245" ind1=" " ind2=" ">
    <subfield code="a">The Delhi iron pillar:</subfield>
    <subfield code="b">its art, metallurgy and inscriptions /</subfield>
    <subfield code="c">edited by M.C. Joshi, S.K. Gupta [and] Shankar Goyal</subfield>
  </datafield>
  <datafield tag="260" ind1=" " ind2=" ">
    <subfield code="a">Jodhpur</subfield>
    <subfield code="b">Kusumanjali Prakashan </subfield>
    <subfield code="c">1996</subfield>
  </datafield>
  <datafield tag="270" ind1=" " ind2=" ">
    <subfield code="a">41-A Sardar Club Scheme</subfield>
    <subfield code="b">Jodhpur</subfield>
    <subfield code="e">342011</subfield>
  </datafield>
  <datafield tag="300" ind1=" " ind2=" ">
    <subfield code="a">xvi, 262p.:</subfield>
    <subfield code="b">b&amp;w photos </subfield>
    <subfield code="c">23cm(Hb) </subfield>
  </datafield>
  <datafield tag="700" ind1=" " ind2=" ">
    <subfield code="a">Joshi, M.C. </subfield>
  </datafield>
  <datafield tag="700" ind1=" " ind2=" ">
    <subfield code="a">Gupta, S.K. </subfield>
  </datafield>
  <datafield tag="700" ind1=" " ind2=" ">
    <subfield code="a">Goyal, Shankar </subfield>
  </datafield>
  <datafield tag="942" ind1=" " ind2=" ">
    <subfield code="2">ddc</subfield>
    <subfield code="c">EN</subfield>
    <subfield code="m">DEL</subfield>
    <subfield code="h">954.16</subfield>
  </datafield>
  <datafield tag="999" ind1=" " ind2=" ">
    <subfield code="c">35070</subfield>
    <subfield code="d">35070</subfield>
  </datafield>
  <datafield tag="952" ind1=" " ind2=" ">
    <subfield code="0">0</subfield>
    <subfield code="1">0</subfield>
    <subfield code="2">ddc</subfield>
    <subfield code="4">0</subfield>
    <subfield code="7">1</subfield>
    <subfield code="8">REF</subfield>
    <subfield code="a">L</subfield>
    <subfield code="b">L</subfield>
    <subfield code="d">2010-04-05</subfield>
    <subfield code="e">UBH/245/24.2.10/178/23.2.10/24.2.10</subfield>
    <subfield code="g">550.00</subfield>
    <subfield code="l">0</subfield>
    <subfield code="o">954.16 DEL</subfield>
    <subfield code="p">B-379447</subfield>
    <subfield code="r">2010-04-05 00:00:00</subfield>
    <subfield code="t">1</subfield>
    <subfield code="v">550.00</subfield>
    <subfield code="w">2010-04-05</subfield>
    <subfield code="y">EN</subfield>
  </datafield>
</record>
